Singers by Given Name - Statistics

General Stats
  • This quiz has been taken 84 times
  • The average score is 9 of 16
Answer Stats
Given Name Stage Name % Correct
Marshall Mathers Eminem
86%
Stefani Germanotta Lady Gaga
86%
Sean Combs P. Diddy
75%
Reginald Dwight Elton John
70%
Farrokh Bulsara Freddie Mercury
70%
Robert Zimmermann Bob Dylan
66%
Richard Starkey Ringo Starr
64%
David Jones David Bowie
58%
Curtis Jackson 50 Cent
54%
Onika Maraj Nicki Minaj
46%
Robyn Fenty Rihanna
45%
Calvin Broadus Snoop Dogg
41%
Stevland Morris Stevie Wonder
39%
Abel Tesfaye The Weeknd
26%
Andre Young Dr. Dre
21%
Henry Deutschendorf John Denver
21%
No matching quizzes found
Score Distribution
Percent of People with Each Score
Percentile by Number Answered
Your Score History
You have not taken this quiz